[Event "ZGOUGOU"]
[Site "www.echecsemail.com"]
[Date "2026.01.26"]
[Round "1"]
[White "4x4"]
[Black "Legrillon"]
[WhiteElo "1480"]
[BlackElo "1740"]
[Result "0-1"]
1.e4 e5
2.Ng1f3 Nb8c6
3.Nb1c3 Ng8f6
4.Bf1c4 Nf6xe4
5.Nc3xe4 d5
6.Ne4c3 dxc4
7.d4 exd4
8.Nc3b5 Bc8g4
9.c3 d3
10.Bc1e3 Nc6e5
11.Qd1d2 Bg4xf3
12.Kf1 a6
13.Nb5d4 Bf3d5
14.f3 c5
15.f4 Ne5g4
16.Nd4f3 Bf8e7
17.h3 Ng4xe3
18.Qd2xe3 Bd5xf3
19.Qe3xf3 Ra8b8
20.Ra1d1 O-O
21.g4 Be7d6
22.Kg2 b5
23.f5 f6
24.b4 cxb4
25.cxb4 Bd6xb4
26.Rd1a1 Qd8d4
27.Ra1b1 Bb4c5
28.Rh1e1 Rb8e8
29.Re1xe8 Rf8xe8
30.Rb1f1 d2
31.Kg3 Re8e3
32.Kh4 Re3xf3
33.Rf1d1 Qd4f2
34.Kh5 Rf3xh3
0-1

[Event "ZGOUGOU"]
[Site "www.echecsemail.com"]
[Date "2026.01.26"]
[Round "1"]
[White "Legrillon"]
[Black "Intrigue"]
[WhiteElo "1740"]
[BlackElo "1760"]
[Result "1-0"]
1.e4 e5
2.Ng1f3 Nb8c6
3.Nb1c3 Ng8f6
4.Bf1c4 Bf8c5
5.Nf3xe5 Nc6xe5
6.d4 Bc5xd4
7.Qd1xd4 Ne5xc4
8.Qd4xc4 O-O
9.O-O d6
10.Bc1g5 Bc8e6
11.Qc4d3 h6
12.Bg5h4 a6
13.Nc3d5 Be6xd5
14.exd5 Rf8e8
15.Ra1e1 Re8xe1
16.Rf1xe1 Qd8d7
17.Bh4xf6 gxf6
18.Qd3g3 Kh7
19.Qg3d3 Kh8
20.h3 Ra8e8
21.Kf1 Re8xe1
22.Kxe1 Kg7
23.Qd3g3 Kh7
24.Kd1 Qd7f5
25.Qg3d3 Kg6
26.Qd3xf5 Kxf5
27.c4 c5
28.dxc6 bxc6
29.Kd2 Ke4
30.b3 Kd4
31.f3 f5
32.g3 h5
33.a3 c5
34.h4 a5
35.f4 f6
36.a4 d5
37.cxd5 Kxd5
38.Kd3 Kc6
39.Kc4 Kb6
40.Kd5 { abandon }1-0

[Event "Eq:modesty-Avalon :"]
[Site "www.echecsemail.com"]
[Date "2026.01.26"]
[Round "1"]
[White "Thierry7ardeche"]
[Black "Di67"]
[WhiteElo "2090"]
[BlackElo "1380"]
[Result "1-0"]
1.e4 e5
2.Bf1c4 Ng8h6
3.d4 d6
4.Bc1xh6 gxh6
5.dxe5 Qd8g5
6.Ng1f3 Qg5xg2
7.Rh1g1 Qg2h3
8.exd6 Bf8xd6
9.e5 Bd6b4
10.c3 Bb4c5
11.Nb1d2 Bc8f5
12.Qd1e2 Nb8c6
13.Bc4xf7 Kxf7
14.Qe2c4 Bf5e6
15.Qc4xc5 Qh3h5
16.O-O-O Rh8e8
17.Rg1g3 Be6xa2
18.e6 Re8xe6
19.Qc5xh5 Re6g6
20.Qh5f5 Kg7
21.Qf5d7 Kf6
22.Nd2e4 1-0

[Event "Tournoi n27415"]
[Site "www.echecsemail.com"]
[Date "2026.01.26"]
[Round "1"]
[White "Verson"]
[Black "Intrigue"]
[WhiteElo "1820"]
[BlackElo "1760"]
[Result "1-0"]
1.d4 f5
2.Ng1f3 g6
3.Bc1f4 Bf8g7
4.e3 d6
5.Bf1d3 Ng8f6
6.Nb1d2 O-O
7.e4 fxe4
8.Nd2xe4 e6
9.Bf4g5 Qd8e8
10.O-O Nb8d7
11.Qd1d2 Nf6xe4
12.Bd3xe4 d5
13.Be4d3 c6
14.Ra1e1 Nd7f6
15.h3 Qe8f7
16.Bg5h6 Bc8d7
17.Nf3e5 Ra8d8
18.Ne5xf7 Rf8xf7
19.Re1e2 { abandon }1-0

[Event "Défi"]
[Site "www.echecsemail.com"]
[Date "2026.01.26"]
[Round "1"]
[White "Vvvv"]
[Black "Ephixe"]
[WhiteElo "1680"]
[BlackElo "1820"]
[Result "1-0"]
1.d4 d5
2.Ng1f3 Nb8c6
3.g3 Ng8f6
4.Bf1g2 Bc8g4
5.c3 e6
6.Nb1d2 Bf8d6
7.O-O h6
8.Kh1 h5
9.h3 a6
10.Nf3g5 Nf6h7
11.Ng5xf7 Kxf7
12.hxg4 hxg4
13.Kg1 Nh7g5
14.f4 Ng5h3
15.Bg2xh3 Rh8xh3
16.Kf2 Bd6xf4
17.Nd2f3 Bf4d6
18.Nf3g5 Ke7
19.Ng5xh3 gxh3
20.Bc1g5 { abandon }1-0

[Event "Défi"]
[Site "www.echecsemail.com"]
[Date "2026.01.26"]
[Round "1"]
[White "Vvvv"]
[Black "Baloo"]
[WhiteElo "1690"]
[BlackElo "1490"]
[Result "1-0"]
1.e4 e5
2.Ng1f3 d6
3.h3 Ng8f6
4.Nb1c3 g6
5.d4 Qd8e7
6.dxe5 dxe5
7.Bc1g5 Nb8c6
8.Nc3d5 Qe7d6
9.Bg5xf6 Bc8e6
10.Nd5xc7 Qd6xc7
11.Bf1b5 Be6d7
12.Bf6xh8 O-O-O
13.c3 Bf8h6
14.Bh8xe5 Qc7b6
15.Be5f6 Rd8e8
16.Qd1e2 Re8e6
17.e5 Qb6c5
18.O-O Bh6f4
19.Nf3d4 Nc6xe5
20.Bb5xd7 Ne5xd7
21.Nd4xe6 { abandon }1-0

[Event "Défi"]
[Site "www.echecsemail.com"]
[Date "2026.01.26"]
[Round "1"]
[White "Pj612"]
[Black "Vvvv"]
[WhiteElo "1740"]
[BlackElo "1710"]
[Result "0-1"]
1.e4 e5
2.Ng1f3 Nb8c6
3.d4 exd4
4.Nf3xd4 Nc6xd4
5.Qd1xd4 d6
6.e5 c6
7.exd6 Qd8xd6
8.Qd4e4 Bf8e7
9.Bf1c4 Ng8f6
10.Qe4f4 O-O
11.O-O Bc8e6
12.Nb1c3 Qd6c5
13.Bc1e3 Qc5d6
14.Bc4xe6 fxe6
15.Qf4xd6 Be7xd6
16.f3 Nf6d5
17.Nc3xd5 cxd5
18.Ra1d1 b6
19.c3 Ra8c8
20.g3 Rf8f5
21.Rd1d2 Rc8f8
22.Rd2f2 h5
23.Kg2 Rf8f6
24.h4 Rf6g6
25.f4 e5
26.b4 Rg6f6
27.Kh3 e4
28.g4 hxg4
29.Kxg4 Kh7
30.Kh3 Kh6
31.a4 Kh5
32.Rf1g1 Rf6g6
33.Rg1xg6 Kxg6
34.Kg4 Rf5f8
35.h5 Kh7
36.f5 Bd6e5
37.Rf2c2 Rf8d8
38.Be3d2 Rd8c8
39.Kg5 e3
40.Bd2xe3 Rc8xc3
41.Rc2xc3 Be5xc3
42.b5 d4
43.Be3xd4 Bc3xd4
44.Kf4 Kh6
45.Kg4 Bd4f6
46.Kf4 Kxh5
47.Ke4 Kg4
48.Kd5 Kxf5
49.Kc6 g5
50.Kb7 g4
51.Kxa7 Bf6d4
52.Ka6 g3
53.a5 bxa5
54.Kxa5 g2
{ abandon }0-1

[Event "CHATURANGA"]
[Site "www.echecsemail.com"]
[Date "2026.01.26"]
[Round "1"]
[White "Titit1"]
[Black "Woluwe1975"]
[WhiteElo "1480"]
[BlackElo "1640"]
[Result "0-1"]
1.e4 e5
2.Ng1f3 Ng8f6
3.Bf1c4 d5
4.exd5 Bf8d6
5.O-O O-O
6.Rf1e1 e4
7.Nf3g5 Bd6xh2
8.Kxh2 Nf6g4
9.Kg1 Qd8xg5
10.Re1xe4 Bc8f5
11.Re4e1 Qg5h4
12.Kf1 Qh4xf2
0-1

[Event "Défi"]
[Site "www.echecsemail.com"]
[Date "2026.01.26"]
[Round "1"]
[White "Xercott"]
[Black "Superman"]
[WhiteElo "1790"]
[BlackElo "1760"]
[Result "0-1"]
1.d4 d5
2.c4 Ng8f6
3.Nb1c3 a6
4.Ng1f3 dxc4
5.e4 b5
6.e5 Nf6d5
7.Qd1c2 c6
8.Bf1e2 Bc8g4
9.Qc2e4 Bg4h5
10.O-O e6
11.Bc1g5 Bf8e7
12.Bg5xe7 Qd8xe7
13.Nc3xd5 cxd5
14.Qe4c2 Nb8c6
15.a4 Bh5xf3
16.Be2xf3 O-O
17.Qc2d2 Qe7h4
18.g3 Qh4xd4
19.Qd2xd4 Nc6xd4
20.Bf3g4 h6
21.f4 Nd4b3
22.Ra1d1 b4
23.Bg4f3 a5
24.f5 Nb3c5
25.Rd1a1 Nc5d3
{ abandon }0-1

[Event "Défi( 10J+24H/c 10J Max )"]
[Site "www.echecsemail.com"]
[Date "2026.01.26"]
[Round "1"]
[White "Titit1"]
[Black "Hberlioz"]
[WhiteElo "1460"]
[BlackElo "1680"]
[Result "0-1"]
1.d4 d5
2.Bc1f4 Nb8c6
3.Ng1f3 Ng8f6
4.e3 Bc8g4
5.Bf1e2 e6
6.Nf3g5 Bg4xe2
7.Qd1xe2 h6
8.Ng5f3 Bf8d6
9.Bf4xd6 Qd8xd6
10.O-O g5
11.Nf3d2 h5
12.Nb1c3 h4
13.Qe2f3 e5
14.Nd2b3 e4
15.Qf3e2 O-O-O
16.Nc3b5 Qd6d7
17.a4 a6
18.Nb5c3 h3
19.g3 Rd8g8
20.Nb3c5 Qd7f5
21.Ra1b1 g4
22.Nc5xa6 bxa6
23.Qe2xa6 Kd7
24.Nc3b5 Qf5f3
25.Nb5xc7 Qf3g2
0-1

[Event "Défi( 10J+24H/c 10J Max )"]
[Site "www.echecsemail.com"]
[Date "2026.01.26"]
[Round "1"]
[White "Titit1"]
[Black "Anumisme"]
[WhiteElo "1480"]
[BlackElo "1190"]
[Result "0-1"]
1.Ng1f3 Nb8c6
2.Nb1c3 e6
3.e4 Bf8b4
4.a3 Bb4xc3
5.dxc3 Qd8f6
6.Bf1d3 e5
7.O-O h6
8.b4 d6
9.Bc1b2 Bc8g4
10.Bd3e2 Ng8e7
11.Be2b5 a6
12.Qd1d3 axb5
13.Qd3xb5 O-O
14.Qb5xb7 Qf6g6
15.Rf1e1 Bg4xf3
16.g3 Ra8c8
17.Qb7b5 Bf3xe4
18.Ra1c1 Qg6h5
19.Re1xe4 Qh5f5
20.Rc1e1 Nc6a7
21.Qb5b7 Rc8a8
22.Qb7xc7 Na7c6
23.Qc7xd6 f6
24.b5 Ra8c8
25.c4 Rc8d8
26.Qd6c7 g5
27.bxc6 Ne7g6
28.a4 h5
29.Bb2a3 h4
30.Ba3xf8 Rd8xf8
31.Qc7d6 Qf5c8
32.Re1d1 Ng6h8
33.c7 Nh8g6
34.c5 Ng6e7
35.Rd1b1 Kf7
36.Re4b4 Ne7f5
37.Qd6d5 Kg6
38.Qd5c6 Nf5e7
39.Qc6e4 Ne7f5
40.Rb4b7 Rf8f7
41.Qe4d5 Nf5e7
42.Qd5d3 Ne7f5
43.g4 e4
44.Qd3xe4 Rf7e7
45.Qe4c6 Nf5d4
46.Qc6a6 Qc8xg4
47.Kf1 Qg4h3
48.Kg1 Nd4f3
49.Kh1 Qh3xh2
0-1

[Event "Défi( 10J+24H/c 10J Max )"]
[Site "www.echecsemail.com"]
[Date "2026.01.26"]
[Round "1"]
[White "Whisky"]
[Black "Titit1"]
[WhiteElo "1320"]
[BlackElo "1460"]
[Result "0-1"]
1.Ng1f3 d5
2.d4 Nb8c6
3.c3 Bc8f5
4.Nb1d2 Ng8f6
5.g3 h6
6.Bf1g2 e6
7.Nf3e5 Nc6xe5
8.dxe5 Nf6d7
9.f4 Bf8c5
10.b4 Bc5b6
11.a4 a6
12.e4 Bf5h7
13.exd5 Qd8e7
14.d6 cxd6
15.Bg2xb7 Ra8a7
16.Bb7c6 Ra7c7
17.Bc6e4 Bh7xe4
18.Nd2xe4 Rc7c6
19.Bc1d2 O-O
20.Qd1e2 d5
21.b5 axb5
22.a5 Bb6a7
23.Qe2xb5 Rc6c4
24.Ne4d6 Rf8b8
25.f5 Rb8xb5
26.h4 Nd7xe5
27.Nd6xb5 Ba7c5
28.a6 Rc4e4
29.Kd1 Kh7
30.Rh1f1 Bc5b6
31.Bd2f4 Ne5c4
32.a7 Bb6xa7
33.Ra1xa7 Qe7c5
34.Ra7b7 Qc5c6
35.Rb7b8 Qc6a6
36.fxe6 fxe6
37.Nb5d4 Qa6a1
38.Bf4c1 Nc4e3
39.Ke2 Ne3xf1
40.Kxf1 Qa1xc1
41.Kf2 Qc1xc3
42.Nd4e2 Qc3c5
43.Kf1 Qc5e3
44.Rb8b2 Qe3d3
45.Kf2 Qd3a3
46.Rb2d2 Qa3a5
47.Rd2d3 Qa5a2
48.Kf3 Qa2xe2
0-1

[Event "Défi( 10J+24H/c 10J Max )"]
[Site "www.echecsemail.com"]
[Date "2026.01.26"]
[Round "1"]
[White "Bertelsen"]
[Black "Hberlioz"]
[WhiteElo "1680"]
[BlackElo "1670"]
[Result "1/2-1/2"]
1.d4 d5
2.Ng1f3 Ng8f6
3.Bc1f4 Nb8c6
4.c3 Bc8f5
5.e3 e6
6.Bf1d3 Bf8d6
7.Bf4xd6 Qd8xd6
8.Bd3xf5 exf5
9.Nb1d2 O-O-O
10.b4 Nf6e4
11.Qd1c2 f6
12.c4 Nc6xb4
13.Qc2a4 Nb4d3
14.Kf1 Nd3xf2
15.Nd2xe4 Nf2xe4
16.c5 Qd6a6
17.Qa4xa6 bxa6
18.Ra1c1 c6
19.Ke2 Kc7
20.Nf3d2 Ne4g5
21.h4 Ng5e6
22.Kf3 g5
23.h5 g4
24.Kg3 Rd8e8
25.Rc1b1 Ne6g5
26.Kf4 Ng5e4
27.Nd2f1 Re8b8
28.Nf1g3 Rb8xb1
29.Rh1xb1 Ne4d2
30.Rb1b2 Nd2c4
31.Rb2b3 Rh8e8
32.Ng3xf5 Re8e4
33.Kg3 Kd7
34.Kh4 Ke6
35.Nf5g3 Re4xe3
36.Rb3xe3 Nc4xe3
37.h6 Ne3c2
38.Ng3e2 f5
39.Kg5 a5
40.Ne2f4 Kd7
41.Kxf5 Nc2xd4
42.Kf6 a4
43.Kg7 Nd4f5
44.Kxh7 Ke7
45.Kg6 Nf5xh6
46.Kxh6 Kf6
47.Kh5 Kf5
48.g3 d4
49.a3 Ke4
50.Kg5 d3
51.Nf4xd3 Kxd3
52.Kxg4 Kc3
53.Kf4 Kb3
54.g4 Kxa3
55.g5 Kb4
56.g6 a3
57.g7 a2
58.g8Q a1Q
59.Qg8b8 Kxc5
60.Qb8f8 Kb6
61.Qf8b8 Kc5
{ nul }1/2-1/2

[Event "Défi"]
[Site "www.echecsemail.com"]
[Date "2026.01.26"]
[Round "1"]
[White "Tartu"]
[Black "Pj612"]
[WhiteElo "1720"]
[BlackElo "1730"]
[Result "1-0"]
1.e4 e5
2.Ng1f3 Nb8c6
3.Bf1c4 h6
4.O-O Ng8f6
5.Nb1c3 a6
6.h3 Bf8d6
7.a3 O-O
8.b4 b5
9.Bc4b3 Nc6d4
10.Rf1e1 Nd4xb3
11.cxb3 Bc8b7
12.d3 Qd8e7
13.Bc1b2 g5
14.d4 c6
15.dxe5 Bd6xe5
16.Nf3xe5 d6
17.Ne5f3 Ra8d8
18.Qd1e2 Nf6h5
19.Bb2c1 Qe7f6
20.e5 dxe5
21.Nf3xe5 Nh5f4
22.Bc1xf4 Qf6xf4
23.Qe2h5 Qf4h4
24.Qh5xh4 gxh4
25.Ra1c1 f6
26.Ne5g6 Rf8f7
27.Nc3e4 f5
28.Ne4c5 Bb7c8
29.Ng6e7 Kh7
30.Ne7xc8 Rd8xc8
31.Rc1d1 Rc8a8
32.Rd1d6 a5
33.bxa5 Ra8xa5
34.Rd6xc6 Ra5xa3
35.Re1e6 Ra3a1
36.Kh2 Rf7g7
37.Re6xh6 Kg8
38.Nc5e6 Ra1a7
39.Ne6xg7 { abandon }1-0

[Event "Défi( 10J+24H/c 10J Max )"]
[Site "www.echecsemail.com"]
[Date "2026.01.26"]
[Round "1"]
[White "Patrick"]
[Black "Titit1"]
[WhiteElo "1550"]
[BlackElo "1490"]
[Result "1-0"]
1.e4 Ng8f6
2.d3 Nb8c6
3.g3 e5
4.Ng1f3 Bf8c5
5.Bf1g2 O-O
6.O-O d5
7.Bc1g5 Bc5e7
8.b3 Bc8g4
9.Nb1d2 d4
10.h3 Bg4e6
11.Qd1c1 h6
12.Bg5xh6 Nf6h7
13.Nd2c4 Be7f6
14.a4 gxh6
15.Qc1xh6 Bf6g7
16.Qh6h5 Nc6e7
17.Nc4xe5 Qd8d6
18.Nf3g5 Nh7xg5
19.Qh5xg5 f6
20.Qg5h4 fxe5
21.f4 Qd6b4
22.f5 Be6d7
23.g4 Ne7c6
24.g5 Rf8f7
25.g6 Rf7f6
26.Qh4h7 Kf8
27.a5 Ra8e8
28.a6 Re8e7
29.h4 Qb4c3
30.Ra1c1 b6
31.h5 Qc3d2
32.Rc1e1 Qd2xc2
33.h6 Nc6b4
34.hxg7 Re7xg7
35.Qh7h8 Ke7
36.Qh8xg7 Kd6
37.Qg7xf6 Kc5
38.Re1c1 Qc2xc1
39.Rf1xc1 Kb5
40.Rc1xc7 Bd7e8
41.Qf6xe5 Kxa6
42.Qe5xe8 Nb4xd3
43.Qe8a4 1-0

[Event "Défi( 10J+24H/c 10J Max )"]
[Site "www.echecsemail.com"]
[Date "2026.01.26"]
[Round "1"]
[White "Anumisme"]
[Black "Titit1"]
[WhiteElo "1220"]
[BlackElo "1440"]
[Result "0-1"]
1.d4 d5
2.Nb1c3 c5
3.Ng1f3 c4
4.Bc1f4 Nb8c6
5.e3 Bc8f5
6.a3 Qd8b6
7.b3 Nc6a5
8.b4 Na5c6
9.Nc3xd5 Qb6d8
10.Bf1xc4 Ra8c8
11.Qd1d2 e6
12.Nd5c3 h6
13.e4 Bf5h7
14.e5 Nc6e7
15.Bc4b5 Ne7c6
16.O-O-O Ng8e7
17.Nc3e4 Bh7xe4
18.c3 a6
19.Bb5a4 b5
20.Ba4c2 Be4xc2
21.Kxc2 Qd8b6
22.g3 Ne7d5
23.Rh1f1 a5
24.Rd1b1 a4
25.h4 Bf8e7
26.Rf1h1 O-O
27.h5 Nd5xf4
28.Qd2xf4 f6
29.Nf3h4 fxe5
30.Qf4e3 exd4
31.Qe3e2 Rc8d8
32.f4 d3
33.Qe2xd3 Rd8xd3
34.Nh4g6 Rf8d8
35.Ng6h4 Qb6f2
36.Kc1 Qf2d2
0-1

[Event "Tournoi n27385"]
[Site "www.echecsemail.com"]
[Date "2026.01.26"]
[Round "1"]
[White "Katastrofic"]
[Black "Titit1"]
[WhiteElo "1370"]
[BlackElo "1460"]
[Result "0-1"]
1.e4 Ng8f6
2.e5 Nf6d5
3.d4 Nb8c6
4.Bf1b5 a6
5.Bb5xc6 dxc6
6.h3 Bc8f5
7.c4 Nd5b4
8.Nb1a3 Nb4d3
9.Kf1 Qd8xd4
10.Qd1e2 e6
11.Na3c2 Qd4d8
12.Nc2e3 Bf5g6
13.Ng1f3 Bf8c5
14.Nf3e1 Nd3xc1
15.Ra1xc1 O-O
16.Ne1d3 Bg6xd3
{ abandon }0-1

[Event "Défi( 10J+24H/c 10J Max )"]
[Site "www.echecsemail.com"]
[Date "2026.01.26"]
[Round "1"]
[White "Jeff75019"]
[Black "Patau"]
[WhiteElo "1450"]
[BlackElo "1710"]
[Result "1/2-1/2"]
1.e4 e5
2.Ng1f3 Ng8f6
3.Bf1d3 Nb8c6
4.a3 d5
5.Bd3b5 Bc8g4
6.O-O dxe4
7.h3 Bg4xf3
8.gxf3 Qd8d7
9.Bb5xc6 bxc6
10.Qd1e2 Qd7f5
11.Qe2c4 Qf5e6
12.Qc4xe6 fxe6
13.Rf1e1 Bf8d6
14.fxe4 O-O
15.d3 a5
16.Bc1g5 Nf6h5
17.Nb1d2 Nh5f4
18.Kh2 h6
19.Bg5h4 g5
20.Bh4g3 Nf4h5
21.Re1g1 Nh5xg3
22.Rg1xg3 Rf8xf2
23.Rg3g2 Rf2xg2
24.Kxg2 a4
25.Nd2c4 Ra8b8
26.Kg3 Kf7
27.h4 gxh4
28.Kxh4 Rb8g8
29.Nc4a5 Rg8g2
30.Ra1c1 Bd6c5
31.Kh3 Rg2f2
32.Kg3 Kf6
33.Na5xc6 Rf2f4
34.c3 Bc5f2
35.Kg2 h5
36.d4 exd4
37.cxd4 h4
38.e5 Kg5
39.d5 exd5
40.e6 Kf6
41.e7 Kf7
42.Rc1c3 Bf2d4
43.Rc3c5 Bd4xc5
44.b3 axb3
45.Nc6e5 Ke8
46.Ne5d3 Rf4f2
47.Nd3xf2 Bc5xf2
48.Kxf2 b2
49.a4 b1Q
{ nul }1/2-1/2

[Event "Défi"]
[Site "www.echecsemail.com"]
[Date "2026.01.26"]
[Round "1"]
[White "Kiki38"]
[Black "Castor"]
[WhiteElo "1480"]
[BlackElo "1360"]
[Result "1-0"]
1.e4 c6
2.d4 f6
3.Bf1c4 b5
4.Bc4xg8 Rh8xg8
5.Ng1f3 d5
6.e5 e6
7.exf6 Bf8b4
8.c3 Bb4a5
9.Bc1g5 Qd8d7
10.Nf3e5 Qd7b7
11.f7 Kf8
12.Qd1f3 Rg8h8
13.Nb1d2 Ba5b6
14.Qf3h5 a5
15.Ne5g6 hxg6
16.Qh5xh8 Kxf7
17.O-O Nb8a6
18.Qh8h4 Bb6c7
19.Nd2f3 Bc7b6
20.Nf3e5 Kg8
21.Ne5xg6 e5
22.Qh4h8 Kf7
23.Ng6xe5 Ke6
24.Qh8e8 Kf5
25.Qe8g6 1-0

[Event "Tournoi n27309"]
[Site "www.echecsemail.com"]
[Date "2026.01.26"]
[Round "1"]
[White "Katastrofic"]
[Black "Titit1"]
[WhiteElo "1450"]
[BlackElo "1400"]
[Result "1-0"]
1.e4 c6
2.Bf1c4 e6
3.a3 Qd8f6
4.d3 Bf8c5
5.Ng1f3 Ng8e7
6.O-O O-O
7.Bc1g5 Qf6xb2
8.Bg5xe7 Bc5xe7
9.Nb1d2 Be7f6
10.Ra1b1 Qb2xa3
11.e5 Bf6e7
12.Rb1b3 Qa3c5
13.Nd2e4 Qc5a5
14.Qd1b1 Qa5c7
15.Qb1b2 d6
16.exd6 Be7xd6
17.Ne4xd6 Qc7xd6
18.Rf1e1 b6
19.d4 Nb8d7
20.Rb3d3 b5
21.Bc4a2 Qd6c7
22.Nf3e5 Bc8b7
23.Ne5xd7 Qc7xd7
24.c4 a6
25.c5 e5
26.Re1xe5 Rf8e8
27.Rd3e3 a5
28.Re5xe8 Ra8xe8
29.h3 Re8xe3
30.fxe3 a4
31.e4 Qd7e7
32.e5 Kf8
33.Qb2f2 f6
34.exf6 gxf6
35.Qf2f5 Qe7e1
36.Kh2 Qe1e7
37.d5 cxd5
38.Ba2xd5 Qe7c7
39.Kh1 Qc7e7
40.c6 Qe7e1
41.Kh2 Bb7a6
42.Qf5xf6 Ke8
43.Qf6h8 Ke7
44.Qh8xh7 Kd6
45.Qh7d7 Kc5
46.c7 Qe1e5
47.g3 Qe5e2
48.Bd5g2 a3
49.Qd7d5 Kb4
50.Qd5c6 a2
51.Qc6xa6 Qe2b2
52.c8Q a1Q
53.Qc8g4 Kc5
54.Qg4f5 Kc4
55.Qf5e6 Kc5
56.Qe6c6 Kb4
57.Qa6xb5 Ka3
58.Qc6a6 1-0

[Event "Eq:Avalon-Vikings :"]
[Site "www.echecsemail.com"]
[Date "2026.01.26"]
[Round "1"]
[White "Biquet"]
[Black "Seb"]
[WhiteElo "1850"]
[BlackElo "1920"]
[Result "1-0"]
1.e4 c6
2.Ng1f3 d5
3.e5 c5
4.d4 Nb8c6
5.c3 Bc8g4
6.Bf1e2 e6
7.h3 Bg4xf3
8.Be2xf3 Ng8e7
9.O-O Ne7f5
10.Bc1e3 Qd8b6
11.Qd1b3 cxd4
12.Qb3xb6 axb6
13.cxd4 Nf5xd4
14.Nb1c3 Nd4xf3
15.gxf3 Nc6xe5
16.Kg2 Bf8d6
17.Be3xb6 O-O
18.Ra1d1 f5
19.a3 Rf8f6
20.f4 Rf6g6
21.Kh1 Ne5f3
22.Bb6e3 Nf3h4
23.Rf1g1 Rg6h6
24.Rg1g3 Ra8f8
25.Rd1g1 g6
26.Nc3b5 Bd6b8
27.Nb5d4 e5
28.Nd4e2 d4
29.Be3c1 Kf7
30.fxe5 Bb8xe5
31.Bc1xh6 Be5xg3
32.fxg3 Rf8e8
33.Ne2xd4 Re8d8
34.Bh6e3 { abandon }1-0

[Event "Défi( 10J+24H/c 10J Max )"]
[Site "www.echecsemail.com"]
[Date "2026.01.26"]
[Round "1"]
[White "Anumisme"]
[Black "Titit1"]
[WhiteElo "1230"]
[BlackElo "1440"]
[Result "0-1"]
1.d4 d5
2.Nb1c3 Nb8c6
3.Bc1f4 Ng8f6
4.e3 Bc8f5
5.Bf1b5 Qd8d7
6.h3 Qd7e6
7.Bf4xc7 a6
8.Bb5d3 Bf5xd3
9.cxd3 Ra8c8
10.Bc7g3 Nf6e4
11.Ng1e2 Ne4xg3
12.fxg3 Qe6g6
13.a3 e6
14.Ne2f4 Qg6xg3
15.Kd2 Bf8d6
16.Qd1e2 O-O
17.b4 b5
18.Ra1f1 Bd6xf4
19.Rf1xf4 Rc8c7
20.Nc3d1 a5
21.bxa5 Nc6xa5
22.Nd1c3 Rf8c8
23.Nc3xb5 Rc7c2
24.Kd1 Rc2xe2
25.Kxe2 Rc8c2
26.Kd1 Qg3xg2
27.Rh1e1 Qg2d2
0-1

[Event "Halloween 2025 n1"]
[Site "www.echecsemail.com"]
[Date "2026.01.26"]
[Round "1"]
[White "Patrick"]
[Black "Marmotte"]
[WhiteElo "1560"]
[BlackElo "1520"]
[Result "0-1"]
1.e4 e5
2.Ng1f3 Nb8c6
3.Bf1c4 d6
4.O-O Bc8e6
5.d3 Ng8f6
6.h3 Bf8e7
7.a3 O-O
8.Bc1g5 h6
9.Bg5h4 Nc6a5
10.Bc4b5 a6
11.Bb5a4 b5
12.b4 Na5c6
13.Ba4b3 Nc6d4
14.Bb3xe6 Nd4xe6
15.Qd1d2 Nf6h5
16.c4 Be7xh4
17.Nb1c3 c6
18.c5 Bh4g5
19.Qd2e2 Nh5f4
20.Qe2b2 Nf4xd3
21.Qb2c2 Nd3f4
22.Ra1d1 Ne6d4
23.Qc2b1 Nf4e6
24.h4 Nd4xf3
25.gxf3 Bg5xh4
26.Kh1 Ne6d4
27.f4 Qd8d7
28.Qb1d3 Qd7g4
29.Kh2 Nd4f3
30.Qd3xf3 Qg4xf3
31.Rf1g1 Qf3xc3
32.Rd1xd6 Ra8c8
33.Rd6xh6 Bh4f6
34.Rh6xf6 exf4
35.Rf6xf4 Qc3e5
36.Kg3 g5
37.Kf3 Qe5xf4
38.Ke2 Rc8d8
{ abandon }0-1

[Event "Tournoi échelle division 2"]
[Site "www.echecsemail.com"]
[Date "2026.01.26"]
[Round "1"]
[White "Lancien57"]
[Black "Bertelsen"]
[WhiteElo "1430"]
[BlackElo "1690"]
[Result "0-1"]
1.e4 e5
2.Ng1f3 d6
3.Nb1c3 Ng8f6
4.d4 Bc8g4
5.Bf1e2 Bg4xf3
6.Be2xf3 Bf8e7
7.d5 h6
8.O-O O-O
9.Rf1e1 Nb8d7
10.b3 a6
11.Bc1b2 Ra8c8
12.Nc3e2 c5
13.dxc6 Rc8xc6
14.Ne2g3 Qd8c7
15.Ra1c1 Rf8c8
16.Re1e2 Kh7
17.c4 Qc7b6
18.h3 Rc8f8
19.Ng3f5 Qb6d8
20.Nf5xe7 Qd8xe7
21.Bb2a3 Nf6e8
22.Bf3g4 Nd7c5
23.Bg4f3 Rc6c7
24.Ba3xc5 dxc5
25.Qd1c2 Ne8f6
26.Rc1e1 Rc7d7
27.Re1d1 Rf8d8
28.Rd1xd7 Qe7xd7
29.g3 Qd7xh3
30.Bf3g2 Qh3h5
31.a3 Nf6g4
32.f3 Ng4f6
33.g4 Qh5g5
34.Bg2h3 Qg5f4
35.Kg2 h5
36.b4 hxg4
37.fxg4 Nf6xg4
38.Bh3xg4 Qf4xg4
39.Kf2 Kg8
40.Re2e3 Rd8d1
41.Re3e2 Qg4g1
42.Kf3 g5
43.Re2g2 Rd1f1
44.Rg2f2 g4
45.Ke3 g3
46.Kd3 Rf1xf2
47.Qc2c3 Qg1d1
48.Ke3 Qd1e2
0-1

[Event "Défi( 10J+24H/c 10J Max )"]
[Site "www.echecsemail.com"]
[Date "2026.01.26"]
[Round "1"]
[White "Titit1"]
[Black "Chessgaston"]
[WhiteElo "1460"]
[BlackElo "2140"]
[Result "0-1"]
1.d4 d5
2.Bc1f4 c6
3.Ng1f3 Ng8f6
4.Nb1d2 e6
5.e3 Nb8d7
6.Bf1d3 Bf8e7
7.O-O O-O
8.Qd1c1 a6
9.c4 b5
10.c5 Rf8e8
11.Rf1e1 Bc8b7
12.b4 a5
13.Qc1b2 axb4
14.Nd2b3 Nf6e4
15.Nf3d2 f5
16.Nd2f3 Nd7f6
17.Nf3e5 Nf6h5
18.Qb2e2 Nh5xf4
19.exf4 Re8f8
20.Qe2h5 Be7f6
21.Ne5f3 Ne4c3
22.Re1xe6 g6
23.Qh5h3 Ra8xa2
24.Ra1f1 Ra2a3
25.Nb3d2 Nc3e4
26.Bd3e2 Ne4xd2
27.Rf1d1 Nd2xf3
28.Be2xf3 Qd8d7
29.Rd1e1 Qd7xe6
30.Kf1 Qe6d7
31.Re1e3 Bf6xd4
32.Re3xa3 bxa3
33.Bf3d1 b4
34.Qh3d3 Rf8a8
35.g3 Bb7a6
36.Qd3xa6 Ra8xa6
37.Kg2 Bd4xc5
38.h4 d4
39.Kf3 d3
40.Bd1b3 Kg7
41.Bb3c4 Qd7d4
42.Bc4xa6 Qd4xf2
0-1

[Event "Tournoi échelle"]
[Site "www.echecsemail.com"]
[Date "2026.01.26"]
[Round "1"]
[White "Eldiablo90"]
[Black "Ephixe"]
[WhiteElo "2800"]
[BlackElo "1820"]
[Result "1-0"]
1.e4 e5
2.Ng1f3 Nb8c6
3.d4 exd4
4.c3 dxc3
5.Bf1c4 d6
6.Nb1xc3 Bc8e6
7.Bc4xe6 fxe6
8.Qd1b3 Qd8c8
9.Nf3g5 Nc6d4
10.Qb3a4 Nd4c6
11.Nc3d5 Bf8e7
12.Ng5xe6 Kf7
13.Nd5xc7 Ra8b8
14.Qa4b3 Nc6a5
15.Ne6d8 Kf6
16.Nc7e8 Ke5
17.Qb3d5 1-0

[Event "Tournoi n27352"]
[Site "www.echecsemail.com"]
[Date "2026.01.26"]
[Round "1"]
[White "Jeff75019"]
[Black "Katastrofic"]
[WhiteElo "1450"]
[BlackElo "1380"]
[Result "0-1"]
1.e4 e5
2.Ng1f3 d6
3.d4 Bf8e7
4.dxe5 dxe5
5.Qd1xd8 Be7xd8
6.Bf1c4 c6
7.O-O Nb8d7
8.Bc1g5 f6
9.Bg5h4 b5
10.Bc4b3 a5
11.c4 Nd7c5
12.Rf1e1 a4
13.Bb3d1 Nc5d3
14.Re1e2 Nd3xb2
15.Re2xb2 Bc8d7
16.Nb1c3 Ng8e7
17.Rb2d2 b4
18.Nc3b1 Bd7g4
19.a3 f5
20.Nf3xe5 Bg4xd1
21.Rd2xd1 b3
22.Bh4xe7 Bd8xe7
23.Ne5xc6 Ra8d8
24.Nc6xd8 Be7xd8
25.c5 Bd8f6
26.Nb1d2 Bf6xa1
27.Rd1xa1 fxe4
28.Ra1e1 O-O
29.Re1xe4 Rf8d8
30.Re4e2 b2
31.h4 Rd8xd2
32.Re2e1 Rd2c2
33.Re1b1 Kf7
34.c6 Rc2c1
35.Kh2 Rc1xb1
36.c7 Rb1c1
37.c8Q Rc1xc8
38.f4 b1Q
39.g3 Qb1f5
40.Kg2 Rc8c3
41.Kf2 Qf5h3
42.Ke2 Qh3h2
43.Kd1 Rc3xg3
44.Ke1 Rg3g1
0-1

[Event "Coupe Niveau 3"]
[Site "www.echecsemail.com"]
[Date "2026.01.26"]
[Round "1"]
[White "Elghribi"]
[Black "Domenico"]
[WhiteElo "1930"]
[BlackElo "1790"]
[Result "1/2-1/2"]
1.e4 e5
2.Ng1f3 d6
3.Bf1c4 Bf8e7
4.h3 Ng8f6
5.d3 O-O
6.O-O Nb8c6
7.c3 a6
8.Bc4b3 Bc8e6
9.Bb3c2 b5
10.Rf1e1 d5
11.exd5 Be6xd5
12.Nf3xe5 Nc6xe5
13.Re1xe5 Be7d6
14.Re5e1 c5
15.Nb1d2 Qd8c7
16.Nd2e4 Bd6h2
17.Kh1 Nf6xe4
18.dxe4 Bd5b7
19.g3 Bh2xg3
20.fxg3 Qc7xg3
21.Re1e3 Qg3f2
22.Re3f3 Qf2h4
23.Qd1e2 f5
24.Rf3e3 fxe4
25.Bc2xe4 Bb7xe4
26.Re3xe4 Qh4xh3
27.Kg1 Rf8f3
28.Re4e8 Ra8xe8
29.Qe2xe8 Rf3f8
30.Qe8e1 Rf8f3
31.Qe1e8 Rf3f8
32.Qe8e2 { nul }1/2-1/2

[Event "Tournoi n27392"]
[Site "www.echecsemail.com"]
[Date "2026.01.26"]
[Round "1"]
[White "Ozon"]
[Black "Lancien57"]
[WhiteElo "1630"]
[BlackElo "1440"]
[Result "0-1"]
1.e4 e5
2.Ng1f3 d6
3.Nb1c3 Bf8e7
4.d4 exd4
5.Nf3xd4 Ng8f6
6.Bf1c4 Bc8d7
7.O-O O-O
8.Bc1f4 Nb8c6
9.Qd1d3 Nf6h5
10.Bf4d2 Nh5f6
11.Qd3g3 Nc6xd4
12.Bd2h6 Nf6h5
13.Qg3d3 c5
14.Bh6e3 Be7g5
15.Be3xd4 Nh5f6
16.Bd4e3 Bg5xe3
17.Qd3xe3 b6
18.Ra1d1 Bd7c6
19.e5 Rf8e8
20.e6 fxe6
21.Bc4xe6 Kh8
22.Qe3h3 Re8e7
23.Be6f5 h6
24.Rd1d3 a6
25.Qh3g3 Nf6h5
26.Qg3g6 Nh5f6
27.Rd3g3 Bc6e8
28.f3 Be8xg6
29.Bf5xg6 Re7e6
30.Bg6f5 Re6e5
31.Bf5h3 Kh7
32.Nc3d1 b5
33.Nd1f2 a5
34.c3 g5
35.b3 c4
36.bxc4 bxc4
37.a4 Nf6h5
38.Rg3g4 Nh5f6
39.Rg4xc4 d5
40.Rc4d4 Ra8a7
41.Rf1d1 Kg6
42.Nf2d3 Re5e3
43.c4 Qd8b6
44.c5 Qb6b3
45.Nd3c1 Qb3c3
46.Nc1d3 Qc3xd4
{ abandon }0-1

[Event "MI6B"]
[Site "www.echecsemail.com"]
[Date "2026.01.26"]
[Round "1"]
[White "Vachefolle"]
[Black "Alizarine"]
[WhiteElo "2020"]
[BlackElo "2530"]
[Result "0-1"]
1.d4 Ng8f6
2.Bc1f4 Nf6h5
3.Bf4g3 c5
4.e3 Qd8a5
5.c3 Nh5xg3
6.hxg3 g6
7.Bf1d3 Bf8g7
8.Nb1d2 cxd4
9.exd4 O-O
10.Ng1f3 d5
11.Qd1e2 Nb8c6
12.Nf3e5 Qa5b6
13.Ra1b1 a5
14.Nd2b3 a4
15.Nb3d2 Bc8e6
16.f4 Rf8c8
17.g4 Nc6xe5
18.dxe5 f6
19.f5 Be6d7
20.e6 Bd7e8
21.Qe2f3 d4
22.Ke2 Ra8a5
23.Nd2c4 Rc8xc4
24.Bd3xc4 Ra5e5
25.Kd2 Be8c6
26.Qf3g3 Qb6c7
27.Qg3h3 h6
28.cxd4 Re5e4
29.Kd3 Qc7d6
{ abandon }0-1